Statistics for Countries that Visit Florida the Most

Click here to take the quiz!

General Stats

  • This quiz has been taken 16,390 times
    (3,341 since last reset)
  • The average score is 9 of 10

Answer Stats

Visitors Country % Correct
3.51 mCanada
98%
468 kMexico
98%
1.50 mUnited Kingdom
97%
323 kFrance
96%
398 kGermany
92%
1.22 mBrazil
91%
288 kChina
91%
646 kArgentina
80%
598 kColombia
77%
386 kVenezuela
62%

Score Distribution

Percentile by Number Answered

Percent of People with Each Score

Your Score History

You have not taken this quiz since the last reset